000 00810nam a2200253Ia 4500
003 OSt
005 20220926001019.0
006 a|||||r|||| 00| 0
007 ta
008 220923b |||||||| |||| 00| 0 eng d
020 _a9789380350035
_c1487.5
037 _b158, 18/09/2010, Ansh Book International
_cGeneral Book
040 _aRTL
_cRTL
_beng
041 _2eng
_aeng
082 _aX:8:(S:44), Q0
100 _aJAIN Surendra
_9303331
245 0 _aOrganisational behaviour
260 _a New Delhi
_bKnowledge Book
_c2010
300 _axv, 426p Bibliography: P 412-24
_ccm.
650 _aCommerce
700 _a BHARGAV Sonia
_9303332
942 _hX:8:(S:44), Q0
_cGB
_2CC
999 _c600212
_d600212